| 000 | 00640nam a22002057a 4500 | ||
|---|---|---|---|
| 005 | 20260115101925.0 | ||
| 008 | 240808b ||||| |||| 00| 0 eng d | ||
| 040 | _cSSBUL | ||
| 041 | _aEnglish | ||
| 082 |
_223 _a179 Kn _b17338 (S-KZN) |
||
| 100 | 1 |
_aKnaebel, Jeff _950958 |
|
| 245 | 1 |
_aExperiments in moral sovereignty\bnotes of an American exile / _cJeff Knaebel. |
|
| 260 |
_aJaipuer : _bFriends of the Gandhi Museum, Pune, _c2006. |
||
| 300 |
_a230 pages ; _c23 cm. |
||
| 500 | _aS-KN: Ashin Khemānanda | ||
| 500 | _aS-KZN: Prof. Kyaw Zaw Naing | ||
| 650 |
_aNonviolence _96605 |
||
| 650 |
_aSovereignty _950959 |
||
| 942 |
_2ddc _cBK1 |
||
| 999 |
_c39303 _d39303 |
||